000
00292nam a22001097a 4500
008
210719b ||||| |||| 00| 0 eng d
245
_a
National Competition Policy 2020
260
_a
Thimphu :
_b
Ministry of Economic affairs,
_c
2020.
300
_a
10 p.
_c
20 cm.
650
_a
Policy
942
_2
ddc
999
_c
8801
_d
8802